[Event "GER-chT U18 Girls"]
[Site "Germany"]
[Date "2011.05.13"]
[Round "3.1"]
[White "Krein, Jana"]
[Black "Triantafillidis, Katherina"]
[Result "1-0"]
[WhiteElo "1088"]
[BlackElo "1290"]
[PlyCount "89"]
[EventDate "2011.05.13"]
[EventType "team-swiss"]
[EventRounds "7"]
[EventCountry "GER"]
[SourceTitle "EXT 2012"]
[Source "ChessBase"]
[SourceDate "2011.11.24"]
[SourceVersion "1"]
[SourceVersionDate "2011.11.24"]
[SourceQuality "1"]
[WhiteTeam "Trier (W)"]
[BlackTeam "Heilbronn EHKG (W)"]
[WhiteTeamCountry "GER"]
[BlackTeamCountry "GER"]

1. e4 e5 2. Nf3 Nc6 3. Bb5 Nf6 4. d3 h6 5. 0-0 Bc5 6. Be3 Bb6 7. Nc3 d6 8. h3 Bd7 9. Re1 a6 10. Bc4 Ba5 11. Bd2 0-0 12. a3 Be6 13. Nd5 Bxd2 14. Qxd2 b5 15. Ba2 Na7 16. Qa5 Nc6 17. Qxc7 Qxc7 18. Nxc7 Ra7 19. Nxe6 fxe6 20. Bxe6+ Kh8 21. Bf5 Rc7 22. c3 Rd8 23. Rad1 Re7 24. d4 Ree8 25. dxe5 dxe5 26. Bg6 Rf8 27. b4 Rc8 28. Bf5 Rc7 29. Rd3 Nh5 30. Rd7 Rcc8 31. g3 Nf6 32. Rd6 Rc7 33. Red1 Rg8 34. Nh4 Ne7 35. Ng6+ Nxg6 36. Bxg6 Rxc3 37. Rxa6 Rc4 38. Re1 Rd8 39. Re6 Rd3 40. Rxe5 Rxa3 41. Rxb5 Ra4 42. e5 Ng8 43. e6 Ra6 44. Rb8 Rc7 45. Bf7 1-0

[Event "GER-chT U18 Girls"]
[Site "Germany"]
[Date "2011.05.13"]
[Round "1.1"]
[White "Schmitt, Nora"]
[Black "Triantafillidis, Katherina"]
[Result "0-1"]
[WhiteElo "1016"]
[BlackElo "1290"]
[PlyCount "120"]
[EventDate "2011.05.13"]
[EventType "team-swiss"]
[EventRounds "7"]
[EventCountry "GER"]
[SourceTitle "EXT 2012"]
[Source "ChessBase"]
[SourceDate "2011.11.24"]
[SourceVersion "1"]
[SourceVersionDate "2011.11.24"]
[SourceQuality "1"]
[WhiteTeam "Neuenburg Gymn (W)"]
[BlackTeam "Heilbronn EHKG (W)"]
[WhiteTeamCountry "GER"]
[BlackTeamCountry "GER"]

1. e4 e5 2. Nc3 Nc6 3. Nf3 Nf6 4. Bb5 d6 5. d4 Bd7 6. d5 Ne7 7. Bxd7+ Qxd7 8. 0-0 Ng6 9. b3 Be7 10. Bg5 h6 11. Bxf6 Bxf6 12. Qd3 0-0 13. h3 Rfd8 14. Qb5 Qxb5 15. Nxb5 c6 16. Nc3 cxd5 17. Nxd5 Be7 18. Nxe7+ Nxe7 19. c4 Nc6 20. Rad1 Rd7 21. Rd2 Rad8 22. Rfd1 b6 23. a3 Na5 24. Rd3 f6 25. g4 Kf7 26. h4 Ke6 27. g5 hxg5 28. hxg5 Rh8 29. Kg2 Rh5 30. Rh1 Rxh1 31. Kxh1 Rd8 32. Nd2 Rh8+ 33. Kg2 Rh5 34. gxf6 gxf6 35. Kf3 Rh3+ 36. Ke2 Rxd3 37. Kxd3 Nc6 38. b4 Nd4 39. f3 f5 40. a4 Nc6 41. Nb3 Nxb4+ 42. Kc3 a5 43. Na1 Nc6 44. Nc2 fxe4 45. fxe4 Ne7 46. Kd3 Ng6 47. Kc3 Nf4 48. Kb3 Nd3 49. Kc3 Nc5 50. Ne3 Nxe4+ 51. Kd3 Nc5+ 52. Ke2 Nxa4 53. Kd2 Nc5 54. Kc2 a4 55. Kb2 Ne4 56. Ka3 Nc5 57. Nc2 e4 58. Ne3 Ke5 59. Nd1 Kd4 60. Nc3 Kxc3 0-1

[Event "GER-ch U14 Girls"]
[Site "Oberhof"]
[Date "2010.05.29"]
[Round "9"]
[White "Ehrenberg, Natalie"]
[Black "Triantafillidis, Katherina"]
[Result "0-1"]
[WhiteElo "1149"]
[BlackElo "1266"]
[PlyCount "68"]
[EventDate "2010.05.22"]
[EventType "swiss"]
[EventRounds "9"]
[EventCountry "GER"]
[SourceTitle "CBM 136 Extra"]
[Source "ChessBase"]
[SourceDate "2010.07.02"]
[SourceVersion "2"]
[SourceVersionDate "2010.07.15"]
[SourceQuality "1"]

1. e4 e5 2. Nf3 Nc6 3. Bc4 Bc5 4. 0-0 Nf6 5. c3 d6 6. h3 0-0 7. d4 Bb6 8. Re1 h6 9. d5 Ne7 10. Nbd2 c6 11. Qb3 cxd5 12. exd5 Ng6 13. Ne4 Nxe4 14. Rxe4 Qf6 15. Bd2 Bxh3 16. Be2 Bf5 17. Rb4 e4 18. Nd4 Ne5 19. Be3 Bc8 20. Rd1 Ng4 21. Bxg4 Bxg4 22. Rd2 Qg6 23. g3 Bxd4 24. Bxd4 Bf3 25. Qd1 Bxd1 26. Rxd1 b6 27. Re1 Rfe8 28. Be3 Re5 29. Bf4 Rxd5 30. Rbxe4 Rd1 31. Rxd1 Qxe4 32. Rxd6 Qb1+ 33. Kg2 Qxb2 34. Rd2 Qxc3 0-1

[Event "GER-ch U14 Girls"]
[Site "Oberhof"]
[Date "2010.05.27"]
[Round "7"]
[White "Genath, Maren"]
[Black "Triantafillidis, Katherina"]
[Result "1/2-1/2"]
[WhiteElo "1041"]
[BlackElo "1266"]
[PlyCount "61"]
[EventDate "2010.05.22"]
[EventType "swiss"]
[EventRounds "9"]
[EventCountry "GER"]
[SourceTitle "CBM 136 Extra"]
[Source "ChessBase"]
[SourceDate "2010.07.02"]
[SourceVersion "2"]
[SourceVersionDate "2010.07.15"]
[SourceQuality "1"]

1. e4 e5 2. Nc3 Nc6 3. Bc4 Nf6 4. a3 Nxe4 5. Nxe4 d5 6. Bd3 dxe4 7. Bxe4 Bd7 8. Nf3 Bd6 9. d4 Bg4 10. Bxc6+ bxc6 11. dxe5 Bc5 12. Qxd8+ Rxd8 13. Bg5 Rb8 14. b4 Bb6 15. 0-0 Bxf3 16. gxf3 0-0 17. Rad1 Rfe8 18. Bf4 a6 19. Rd7 Rbd8 20. Rfd1 Rc8 21. Bg3 h6 22. f4 c5 23. c3 Re6 24. Rd8+ Re8 25. Rxe8+ Rxe8 26. Rd7 cxb4 27. cxb4 Rc8 28. Kf1 Rb8 29. f3 c5 30. bxc5 Bxc5 31. Rd5 1/2-1/2

[Event "GER-ch U14 Girls"]
[Site "Oberhof"]
[Date "2010.05.23"]
[Round "1"]
[White "Triantafillidis, Katherina"]
[Black "Berger, Nadja"]
[Result "0-1"]
[WhiteElo "1266"]
[BlackElo "1706"]
[PlyCount "60"]
[EventDate "2010.05.22"]
[EventType "swiss"]
[EventRounds "9"]
[EventCountry "GER"]
[SourceTitle "CBM 136 Extra"]
[Source "ChessBase"]
[SourceDate "2010.07.02"]
[SourceVersion "2"]
[SourceVersionDate "2010.07.15"]
[SourceQuality "1"]

1. e4 e5 2. Nf3 Nc6 3. Bb5 Nf6 4. d3 Ne7 5. Bg5 Ng6 6. Nc3 Bc5 7. h3 c6 8. Bc4 Bb6 9. 0-0 d6 10. Qd2 h6 11. Bxf6 Qxf6 12. Ne2 Bxh3 13. d4 Bg4 14. dxe5 dxe5 15. Ne1 0-0 16. Nd3 Rad8 17. Rae1 Nh4 18. Qc3 Nxg2 19. Qxe5 Qf3 20. Qg3 Nxe1 21. Rxe1 Qxe4 22. Ne5 Bc7 23. Qxg4 Qxe5 24. b3 Rd2 25. Bd3 Re8 26. Kf1 Bb6 27. Qb4 Qh2 28. Qf4 Qxf4 29. Nxf4 Rxf2+ 30. Kg1 Rxe1+ 0-1

[Event "GER-ch U25 op"]
[Site "Willingen"]
[Date "2009.06.05"]
[Round "8"]
[White "Triantafillidis, Katherina"]
[Black "Stark, Sven"]
[Result "0-1"]
[WhiteElo "1221"]
[BlackElo "1763"]
[PlyCount "54"]
[EventDate "2009.05.30"]
[EventType "swiss"]
[EventRounds "9"]
[EventCountry "GER"]
[SourceTitle "EXT 2010"]
[Source "ChessBase"]
[SourceDate "2010.11.25"]
[SourceVersion "1"]
[SourceVersionDate "2010.11.25"]
[SourceQuality "1"]

1. e4 e5 2. Nf3 Nc6 3. Nc3 Nf6 4. Bb5 d6 5. d3 Bd7 6. Bg5 Be7 7. 0-0 a6 8. Ba4 b5 9. Bb3 Na5 10. Nd2 Nxb3 11. Nxb3 0-0 12. Re1 h6 13. Bh4 c6 14. a3 Nh7 15. Bxe7 Qxe7 16. d4 f5 17. d5 c5 18. Qe2 f4 19. g3 Qg5 20. Qf3 fxg3 21. Qxg3 Qh5 22. Kh1 Rf3 23. Qg2 Bh3 24. Qg1 Raf8 25. Re2 Rxc3 26. bxc3 Qf3+ 27. Qg2 Qxg2# 0-1

[Event "GER-ch U25 op"]
[Site "Willingen"]
[Date "2009.06.02"]
[Round "5"]
[White "Goldbeck, Daniel Ernst"]
[Black "Triantafillidis, Katherina"]
[Result "1-0"]
[WhiteElo "1391"]
[BlackElo "1221"]
[PlyCount "75"]
[EventDate "2009.05.30"]
[EventType "swiss"]
[EventRounds "9"]
[EventCountry "GER"]
[SourceTitle "EXT 2010"]
[Source "ChessBase"]
[SourceDate "2010.11.25"]
[SourceVersion "1"]
[SourceVersionDate "2010.11.25"]
[SourceQuality "1"]

1. e4 e5 2. Nf3 Nc6 3. Bc4 Bc5 4. d3 h6 5. 0-0 Nf6 6. a3 d6 7. b4 Bb6 8. Bb3 0-0 9. h3 Re8 10. Bb2 Be6 11. c4 a5 12. Nbd2 axb4 13. axb4 Nxb4 14. Qe2 Nd7 15. Bc3 Nc6 16. Kh1 Nc5 17. Bc2 Ne7 18. Nh4 Rf8 19. f4 exf4 20. Rxf4 Rxa1+ 21. Bxa1 Qd7 22. Qf3 c6 23. d4 Na6 24. d5 cxd5 25. exd5 Bxd5 26. cxd5 Ba5 27. Ne4 Qc7 28. Rg4 Ng6 29. Nf6+ Kh8 30. Rxg6 Qxc2 31. Rxh6+ gxh6 32. Ne4+ f6 33. Ng6+ Kg8 34. Nxf6+ Rxf6 35. Qxf6 Qc1+ 36. Kh2 Qc7 37. Ne7+ Kh7 38. Qg7# 1-0

[Event "GER-ch U25 op"]
[Site "Willingen"]
[Date "2009.06.01"]
[Round "3"]
[White "Marquardt, Annabelle"]
[Black "Triantafillidis, Katherina"]
[Result "1-0"]
[WhiteElo "1381"]
[BlackElo "1221"]
[PlyCount "131"]
[EventDate "2009.05.30"]
[EventType "swiss"]
[EventRounds "9"]
[EventCountry "GER"]
[SourceTitle "EXT 2010"]
[Source "ChessBase"]
[SourceDate "2010.11.25"]
[SourceVersion "1"]
[SourceVersionDate "2010.11.25"]
[SourceQuality "1"]

1. e4 e5 2. Nf3 Nc6 3. Bc4 Nf6 4. Ng5 d5 5. exd5 Nxd5 6. Nxf7 Kxf7 7. Qf3+ Ke6 8. Nc3 Nce7 9. d4 Qd6 10. 0-0 Kd7 11. Nxd5 Nxd5 12. Bxd5 c6 13. Bb3 Qf6 14. Qe4 Bd6 15. Rd1 Kc7 16. c4 exd4 17. Qxd4 Qxd4 18. Rxd4 Rf8 19. Be3 Bf5 20. Rad1 Be5 21. R4d2 a6 22. h3 Bf6 23. g4 Be6 24. Kg2 Rad8 25. f4 Rxd2+ 26. Rxd2 Re8 27. Kf3 g6 28. Bd4 Rd8 29. Ke3 Bxd4+ 30. Rxd4 Re8 31. Kf2 Rd8 32. Ke3 Re8 33. Re4 Kd7 34. Bc2 Bxc4 35. Rxe8 Kxe8 36. a3 Bf7 37. Kd4 Kd7 38. Ke5 Ke7 39. f5 gxf5 40. gxf5 Kf8 41. Kd6 Bd5 42. Kc7 b5 43. Kb6 Kg7 44. Kxa6 Kf6 45. Kb6 Kg5 46. Kc5 h5 47. Kd4 Bg2 48. Ke5 Bd5 49. Be4 Bxe4 50. Kxe4 Kf6 51. h4 c5 52. b3 b4 53. axb4 cxb4 54. Kf4 Kf7 55. Ke5 Ke7 56. f6+ Kf7 57. Kf5 Kf8 58. Kg6 Kg8 59. Kxh5 Kf7 60. Kg5 Kf8 61. h5 Kg8 62. Kg6 Kh8 63. Kf7 Kh7 64. Ke8 Kh6 65. f7 Kxh5 66. f8Q 1-0

[Event "GER-ch U12"]
[Site "Willingen"]
[Date "2008.05.16"]
[Round "9"]
[White "Fischer, Maxi"]
[Black "Triantafillidis, Katherina"]
[Result "1-0"]
[WhiteElo "1026"]
[BlackElo "993"]
[PlyCount "57"]
[EventDate "2008.05.11"]
[EventType "swiss"]
[EventRounds "11"]
[EventCountry "GER"]
[SourceTitle "CBM 124 Extra"]
[Source "ChessBase"]
[SourceDate "2008.07.03"]
[SourceVersion "1"]
[SourceVersionDate "2008.07.03"]
[SourceQuality "1"]

1. e4 e5 2. Nf3 Nc6 3. Bc4 Nf6 4. Ng5 d5 5. exd5 Nxd5 6. Nxf7 Kxf7 7. Qf3+ Ke8 8. Bxd5 Qe7 9. 0-0 Bd7 10. Nc3 a6 11. Re1 Qf6 12. Qe4 Bd6 13. d4 Rf8 14. Be3 Qf5 15. Qxf5 Rxf5 16. Bd2 Kd8 17. dxe5 Bxe5 18. Rab1 Bd4 19. Be3 Bxe3 20. Rxe3 Rb8 21. Rd1 Nb4 22. Be6 Ra5 23. Rxd7+ Ke8 24. Bf5+ Kf8 25. Bxh7 Nxa2 26. Rf3+ Ke8 27. Rxg7 Nxc3 28. Bg6+ Kd8 29. Rf8# 1-0

[Event "GER-ch U12"]
[Site "Willingen"]
[Date "2008.05.12"]
[Round "3"]
[White "Eichstaedt, Mirko"]
[Black "Triantafillidis, Katherina"]
[Result "1-0"]
[WhiteElo "1265"]
[BlackElo "993"]
[PlyCount "107"]
[EventDate "2008.05.11"]
[EventType "swiss"]
[EventRounds "11"]
[EventCountry "GER"]
[SourceTitle "CBM 124 Extra"]
[Source "ChessBase"]
[SourceDate "2008.07.03"]
[SourceVersion "1"]
[SourceVersionDate "2008.07.03"]
[SourceQuality "1"]

1. c4 e5 2. Nc3 Nc6 3. g3 Nf6 4. Bg2 Bc5 5. Nf3 d6 6. 0-0 Be6 7. b3 0-0 8. e3 Bg4 9. h3 Bh5 10. d3 h6 11. a3 a6 12. b4 Ba7 13. Bb2 Qe7 14. Ne2 e4 15. dxe4 Nxe4 16. Qc2 Nf6 17. Ned4 Nxd4 18. Nxd4 Bg6 19. Qe2 c5 20. Nb3 cxb4 21. axb4 Rfd8 22. Rfd1 Rac8 23. b5 axb5 24. Rxa7 Rxc4 25. Rxb7 Qe8 26. Nd4 Rb8 27. Rxb8 Qxb8 28. Rc1 Rxc1+ 29. Bxc1 Qc7 30. Bb2 b4 31. Nb5 Qb6 32. Bxf6 gxf6 33. Qc4 Qa6 34. Qxb4 Qa1+ 35. Kh2 Qa2 36. Qe1 Qb2 37. Nxd6 Kg7 38. Be4 Bxe4 39. Nxe4 Qc2 40. Nd2 Qb2 41. e4 h5 42. h4 Kh7 43. Qe3 Kg7 44. Nf3 Kg6 45. Kg2 Qb7 46. Qf4 Kg7 47. e5 fxe5 48. Qxe5+ f6 49. Qxh5 Qc6 50. Qf5 Kf7 51. h5 Kg7 52. Qg6+ Kh8 53. h6 Qd5 54. Qg7# 1-0

[Event "GER-ch U12"]
[Site "Willingen"]
[Date "2008.05.11"]
[Round "1"]
[White "Schuhmacher, Jakob"]
[Black "Triantafillidis, Katherina"]
[Result "1-0"]
[WhiteElo "1657"]
[BlackElo "993"]
[PlyCount "61"]
[EventDate "2008.05.11"]
[EventType "swiss"]
[EventRounds "11"]
[EventCountry "GER"]
[SourceTitle "CBM 124 Extra"]
[Source "ChessBase"]
[SourceDate "2008.07.03"]
[SourceVersion "1"]
[SourceVersionDate "2008.07.03"]
[SourceQuality "1"]

1. d4 d5 2. Nf3 Nf6 3. c4 Be6 4. c5 Nc6 5. e3 g6 6. Bd2 Bg7 7. b4 a6 8. Bd3 0-0 9. 0-0 b5 10. Bc3 Ne4 11. Nfd2 Nxc3 12. Nxc3 Nxb4 13. Bb1 Qd7 14. a3 Nc6 15. Ba2 Na5 16. Rb1 c6 17. Qe2 Nc4 18. Nxc4 bxc4 19. Rb6 Bf5 20. Bb1 Be6 21. Bc2 Qc7 22. Rfb1 Rfd8 23. Rb7 Qc8 24. Ba4 Bf5 25. R1b6 Rd7 26. Bxc6 Rxb7 27. Bxb7 Qd8 28. Bxa8 Qxa8 29. Qb2 h6 30. Rb8+ Qxb8 31. Qxb8+ 1-0